[Event "LXVIII ch-CRC"]
[Site "San Jose Julio CRC"]
[Date "2005.07.08"]
[Round "5"]
[White "Valdes,Le"]
[Black "Granados,C"]
[Result "1-0"]
[WhiteElo "2362"]
[BlackElo "2225"]

1.Nf3 d5 2.g3 Nf6 3.Bg2 c6 4.O-O Bg4 5.d3 Nbd7 6.Nbd2 e6 7.h3 Bh5 8.b3 Bc5
9.Bb2 O-O 10.c4 Re8 11.a3 a5 12.Qc2 Qe7 13.Rfe1 e5 14.e3 Bd6 15.Nh4 Bg6 16.Nxg6 hxg6
17.Red1 b6 18.h4 Rac8 19.Bh3 Rc7 20.Bg2 Rcc8 21.Rdc1 Rc7 22.Qb1 Rec8 23.Bh3 Rb8
24.cxd5 cxd5 25.Rxc7 Bxc7 26.Qc2 Bd6 27.d4 e4 28.Qc6 Nf8 29.Nb1 g5 30.hxg5 N6h7
31.Nc3 Nxg5 32.Bg2 Ng6 33.Nb5 Rd8 34.Nxd6 Rxd6 35.Qc8+ Rd8 36.Qg4 Ne6 37.Rc1 Qd6
38.Bh3 Nef8 39.Qe2 Nh7 40.Rc3 Ng5 41.Bg2 Qe6 42.Qc2 Nf3+ 43.Kf1 Ne7 44.a4 Rc8
45.Rxc8+ Nxc8 46.Ba3 g6 47.Qc7 Nd2+ 48.Ke2 Nf3 49.Bxf3 exf3+ 50.Kxf3 Qe4+
51.Ke2 Qg4+ 52.Ke1 Qf5 53.Ke2 Qg4+ 54.f3 Qf5 55.g4 Qe6 56.Kd2 Kh7 57.Qh2+ Kg8
58.Qe5 Qc6 59.e4 dxe4 60.Qxe4 Qd7 61.Qe5 Na7 62.Qd6 Qe8 63.Qe7 Qb8 64.Qd6 Qe8
65.d5 Nc8 66.Qf6 Qd7 67.Qe5 b5 68.Bb2 Kf8 69.axb5 Qa7 70.Bd4 Qd7 71.Qh8+ Ke7
72.Bc5+  1-0

[Event "LXVIII ch-CRC"]
[Site "San Jose Julio CRC"]
[Date "2005.07.08"]
[Round "7"]
[White "Valdes,Le"]
[Black "Arias,R"]
[Result "1-0"]
[WhiteElo "2362"]
[BlackElo "2173"]

1.Nf3 d5 2.g3 Bf5 3.Bg2 e6 4.O-O Nf6 5.b3 Be7 6.Bb2 O-O 7.d3 h6 8.Nbd2 c6
9.Qe1 a5 10.a3 Bh7 11.e4 Na6 12.Qe2 Re8 13.Kh1 Nc5 14.e5 Nfd7 15.Nd4 Qb6
16.a4 Na6 17.f4 c5 18.Nb5 Nb4 19.Rac1 Na2 20.Rcd1 Nb4 21.Na3 Qa6 22.Nf3 Be4
23.Nb5 Bxf3 24.Bxf3 Rac8 25.c3 Nc6 26.c4 Nb4 27.Bg2 d4 28.Bc1 Nc6 29.Bd2 Na7
30.h4 Nc6 31.h5 Qb6 32.Rde1 Bf8 33.Bc1 f6 34.exf6 gxf6 35.Qg4+ Bg7 36.Rxe6  1-0

[Event "DMP 1st League"]
[Site "Koszalin POL"]
[Date "2005.07.09"]
[Round "6"]
[White "Pigula,M"]
[Black "Wieczorek,O"]
[Result "0-1"]
[WhiteElo "2010"]
[BlackElo "2033"]

1.Nf3 d5 2.g3 Bg4 3.Bg2 Nd7 4.O-O c6 5.d3 Ngf6 6.Nbd2 e5 7.h3 Bh5 8.c4 d4
9.Rb1 a5 10.b3 Bd6 11.a3 Qe7 12.Ra1 O-O 13.Bb2 Rfe8 14.Re1 Bg6 15.Nh4 Nh5
16.Nxg6 hxg6 17.Ne4 Bc7 18.Bc1 f5 19.Bg5 Qf8 20.Nd2 Bd6 21.Qc1 Nc5 22.b4 Ne6
23.c5 Bxc5 24.bxc5 Nxg5 25.Nc4 Nf7 26.Nb6 Ra7 27.Qc4 Nf6 28.Rab1 Qe7 29.Rb2 Nd7
30.Na4 Qe6 31.Qc2 Re7 32.Reb1 Nf6 33.Nb6 Nd8 34.Nc4 Nf7 35.Qd2 a4 36.Nb6 Kh7
37.Qc2 e4 38.Nxa4 Nd5 39.Rd1 Rxa4 40.Qxa4 Nc3 41.Qc2 Nxd1 42.Qxd1 e3 43.f4 g5
44.Qf1 g4 45.h4 Rd7 46.Qb1 Qe7 47.Qc1 Nd8 48.Rc2 Ne6 49.Rc4 g6 50.a4 Kg8
51.a5 Nxf4 52.Qf1 Nh5 53.Rc2 Qe5 54.a6 bxa6 55.Qa1 Qxg3 56.Qa2+ Kh7 57.Qe6 Qe1+  0-1

[Event "DMP 1st League"]
[Site "Koszalin POL"]
[Date "2005.07.10"]
[Round "7"]
[White "Mazurkiewicz,M"]
[Black "Szwed,J"]
[Result "0-1"]
[WhiteElo "2124"]
[BlackElo "2162"]

1.Nf3 d5 2.g3 Nf6 3.Bg2 Bg4 4.h3 Bxf3 5.Bxf3 e5 6.d3 c6 7.O-O Nbd7 8.c4 dxc4
9.dxc4 a5 10.Qc2 Nc5 11.Nc3 Be7 12.b3 O-O 13.Rb1 Qc7 14.a3 Ne6 15.e3 Nd7
16.Bg4 Nd8 17.Bb2 g6 18.Bxd7 Qxd7 19.h4 f5 20.Na4 Qc7 21.f4 Bf6 22.c5 Ne6
23.Qc4 Rae8 24.Rfd1 exf4 25.exf4 Bxb2 26.Rxb2 Qf7 27.Re2 Nc7 28.Qxf7+ Rxf7
29.Rxe8+ Nxe8 30.Rd8 Re7 31.Nb6 Kf7 32.Nc4 Nf6 33.Nd6+ Ke6 34.Rb8 Nd7 35.Ra8 Nxc5
36.Nc8 Re8 37.Rxa5 Nd7 38.Na7 Kd6 39.Kf2 Kc7 40.b4 b6 41.Ra4 Re4 42.Kf3 Nc5
43.Nb5+ cxb5 44.Ra8 Nb7 45.Rg8 Re7 46.h5 gxh5 47.Rg5 Nd6 48.Rxh5 Rg7 49.g4 fxg4+
50.Kg3 Kd7 51.Kg2 Rf7 52.Kg3 Ne4+ 53.Kg2 Rxf4 54.Rxh7+ Kd6 55.Rg7 g3 56.Rg6+ Rf6  0-1

[Event "VISUS Open"]
[Site "Prague CZE"]
[Date "2005.07.10"]
[Round "9"]
[White "Hadzala,D"]
[Black "Netusil,M"]
[Result "1/2-1/2"]
[WhiteElo "2133"]
[BlackElo "2333"]

1.Nf3 d5 2.g3 Bg4 3.Bg2 Nd7 4.d3 Ngf6 5.Nbd2 e5 6.e4 dxe4 7.dxe4 h6 8.O-O Bc5
9.Qe2 O-O 10.Nc4 Qe7 11.Ne3 Be6 12.Nh4 Bxe3 13.Bxe3 Nb6 14.b3 Ng4 15.Bc1 c6
16.Bb2 Rfe8 17.Rad1 Nd7 18.Rd2 Ngf6 19.h3 a5 20.a4 Qc5 21.Kh2 b5 22.Ra1 bxa4
23.Rxa4 Qb5 24.Nf5 Nc5 25.Ra1 a4 26.Nd6 Qxe2 27.Rxe2 Red8 28.Bxe5 Nfd7 29.Bb2 axb3
30.Rxa8 Rxa8 31.cxb3 Ra2 32.Bf3 Bxb3 33.Bd4 Ra4 34.Nf5 Ne6 35.Bc3 Rc4 36.Bb2 Bd1
37.Re3 Bxf3 38.Rxf3 Ng5 39.Rf4 Rc2 40.Bxg7 Ne6 41.Nd4 Nxf4 42.Nxc2 Nxh3 43.Kxh3 Kxg7
44.Kg4 Kf6 45.f4 c5 46.Kh5 Ke6 47.Kxh6 Nf6 48.e5 Ne4 49.g4 c4 50.g5 Kf5 51.Ne3+  1/2-1/2

[Event "RUS-USA Match"]
[Site "Ruschess.com INT"]
[Date "2005.07.10"]
[Round "2"]
[White "Polgar,Z"]
[Black "Khalifman,A"]
[Result "1/2-1/2"]
[WhiteElo "2577"]
[BlackElo "2653"]

1.Nf3 d5 2.g3 c6 3.Bg2 Nf6 4.O-O Bg4 5.c4 e6 6.Qb3 Qc7 7.d4 Nbd7 8.Nc3 Be7
9.Bf4 Qb6 10.c5 Qxb3 11.axb3 O-O 12.b4 Bxf3 13.Bxf3 a6 14.g4 h6 15.Bg3 Rac8
16.h3 Bd8 17.Bg2 Bc7 18.Bxc7 Rxc7 19.f4 Re8 20.e3 g6 21.Bf3 g5 22.Kf2  1/2-1/2

[Event "Viking GM"]
[Site "St Petersburg RUS"]
[Date "2005.07.10"]
[Round "4"]
[White "Smirnov,Arte"]
[Black "Krapivin,A"]
[Result "1-0"]
[WhiteElo "2405"]
[BlackElo "2451"]

1.Nf3 d5 2.g3 Bg4 3.Bg2 Nd7 4.O-O e6 5.b3 f5 6.Bb2 Ngf6 7.c4 c6 8.cxd5 cxd5
9.Nc3 Be7 10.Rc1 O-O 11.d3 a6 12.Qd2 h6 13.Nd4 Qb6 14.Na4 Qd6 15.h3 Bh5 16.a3 Bf7
17.b4 Bg6 18.Nc5 Nxc5 19.bxc5 Qd7 20.Nf3 Be8 21.Bd4 Qa4 22.Qe3 Qc6 23.Rb1 Nd7
24.Rfc1 Bd8 25.Bxg7 Rf7 26.Ba1 Bf6 27.Nd4 Bxd4 28.Qxd4 Rh7 29.e4 Bf7 30.exd5 exd5
31.Qf4 Nxc5 32.Qxf5 Qe6 33.Qxe6 Nxe6 34.Bxd5 Ng5 35.Bxb7 Rd8 36.h4 Nh3+ 37.Kg2 Be6
38.Be4  1-0

[Event "Open"]
[Site "Condom FRA"]
[Date "2005.07.12"]
[Round "5"]
[White "Fejzovski,En"]
[Black "Sulypa,A"]
[Result "0-1"]
[WhiteElo "2160"]
[BlackElo "2465"]

1.Nf3 d5 2.g3 c5 3.Bg2 Nf6 4.O-O Nc6 5.d4 e6 6.b3 Be7 7.Bb2 O-O 8.dxc5 Bxc5
9.Nbd2 Re8 10.c4 d4 11.a3 a5 12.Ne1 e5 13.Nd3 Ba7 14.f3 Bf5 15.b4 Bg6 16.b5 Ne7
17.Nxe5 Nf5 18.Nd3 Ne3 19.Qb3 Nxg2 20.Kxg2 Rxe2+ 21.Rf2 Re3 22.Nf4 Rxb3 23.Nxb3 a4
24.Nd2 d3  0-1

[Event "2nd Sanjin Hotel Cup"]
[Site "Tiayuan CHN"]
[Date "2005.07.12"]
[Round "4"]
[White "Bu Xiangzhi"]
[Black "Zhang Pengxiang"]
[Result "1/2-1/2"]
[WhiteElo "2632"]
[BlackElo "2616"]

1.Nf3 d5 2.g3 Nf6 3.Bg2 g6 4.O-O Bg7 5.d4 O-O 6.c4 dxc4 7.Na3 c3 8.bxc3 c5
9.e3 Nc6 10.Bb2 Bf5 11.Qe2 Qa5 12.Nd2 Bg4 13.f3 Be6 14.Rfb1 Rfd8 15.Nb3 Bxb3
16.axb3 cxd4 17.cxd4 Rac8 18.f4 Nd5 19.Kh1 e6 20.Nc4 Qb5 21.Bf1 Ndb4 22.Ba3 Bf8
23.Qf2 Qd5+ 24.Bg2 Qb5 25.Bf1 Qd5+ 26.Bg2 Qb5 27.Bf1 Qd5+  1/2-1/2

[Event "IM"]
[Site "Condom FRA"]
[Date "2005.07.13"]
[Round "5"]
[White "Velikov,P"]
[Black "Beudaert,X"]
[Result "1-0"]
[WhiteElo "2422"]
[BlackElo "2358"]

1.Nf3 d5 2.g3 Nf6 3.Bg2 c6 4.O-O Bg4 5.d3 Nbd7 6.Nbd2 e5 7.e4 Bd6 8.h3 Bxf3
9.Qxf3 O-O 10.Re1 Nc5 11.Nf1 dxe4 12.dxe4 Ne6 13.c3 Bc5 14.Qe2 Qb6 15.Ne3 Bxe3
16.Bxe3 Qa5 17.a4 Rfd8 18.Qc2 h6 19.Red1 Qc7 20.Qb3 b6 21.Qc4 Rd7 22.Rxd7 Qxd7
23.Kh2 Rd8 24.Bf3 c5 25.Rd1 Qc6 26.Rxd8+ Nxd8 27.Qa6 Qc7 28.a5 Nc6 29.axb6 axb6
30.Qa4 Na5 31.Be2 Qb7 32.f3 Qc7 33.Kg2 Nb7 34.Qa7 Ne8 35.Bc4 Nbd6 36.Qxc7 Nxc7
37.Bf1 Kf8 38.b4 cxb4 39.Bxb6 Ncb5 40.cxb4 Ke7 41.Kf2 Kd7 42.Bc5 h5 43.Ke3 Kc6
44.f4 exf4+ 45.Kxf4 g5+ 46.Ke5 f6+ 47.Kxf6 Nxe4+ 48.Kg6 Nxg3 49.Bxb5+ Kxb5
50.Kxg5  1-0

[Event "XVI Vidmar Mem"]
[Site "Portoroz SLO"]
[Date "2005.07.13"]
[Round "5"]
[White "Djukic,Ni"]
[Black "Predojevic,B"]
[Result "1/2-1/2"]
[WhiteElo "2521"]
[BlackElo "2543"]

1.Nf3 d5 2.g3 c6 3.Bg2 Bg4 4.O-O Nd7 5.d3 e6 6.e4 Bd6 7.h3 Bh5 8.Re1 Ne7
9.Nc3 Ne5 10.g4 Nxf3+ 11.Qxf3 Bg6 12.Qe2 dxe4 13.Nxe4  1/2-1/2

[Event "XVI Vidmar Mem"]
[Site "Portoroz SLO"]
[Date "2005.07.14"]
[Round "6"]
[White "Lenic,L"]
[Black "Baramidze,D"]
[Result "1-0"]
[WhiteElo "2463"]
[BlackElo "2535"]

1.Nf3 d5 2.g3 Nf6 3.Bg2 g6 4.O-O Bg7 5.d4 O-O 6.c4 c6 7.cxd5 cxd5 8.Nc3 Nc6
9.Ne5 e6 10.Nxc6 bxc6 11.Bf4 Re8 12.Rc1 Nd7 13.Na4 Nb6 14.Nc5 f6 15.e4 e5
16.Be3 Kh8 17.b3 f5 18.exd5 Nxd5 19.dxe5 Nxe3 20.fxe3 Qc7 21.Qd6 Re7 22.Qxc7 Rxc7
23.Rfd1 Kg8 24.Rd8+ Kf7 25.Na6 Rd7 26.e6+ Kxe6 27.Nc5+ Ke7 28.Rxd7+  1-0

[Event "Andorra Open"]
[Site "Andorra la Vella AND"]
[Date "2005.07.15"]
[Round "7"]
[White "Kallio,H"]
[Black "Fernandez Aguado,E"]
[Result "1-0"]
[WhiteElo "2507"]
[BlackElo "2356"]

1.Nf3 d5 2.g3 c6 3.Bg2 Nf6 4.O-O Bg4 5.d3 e6 6.Nbd2 Nbd7 7.b3 Bc5 8.Bb2 O-O
9.e4 Qe7 10.a3 a5 11.h3 Bxf3 12.Qxf3 Rfc8 13.Kh1 b5 14.d4 Ba7 15.Qe2 Rab8
16.e5 Ne8 17.b4 axb4 18.axb4 Nb6 19.c3 Na4 20.Nf3 Rb6 21.Ra3 Ra6 22.Bc1 Ra8
23.Bg5 f6 24.exf6 gxf6 25.Bh6 Nd6 26.Nh4 Kh8 27.Re1 Re8 28.Bf3 Bb8 29.Kg2 e5
30.dxe5 fxe5 31.Rb3 Qf6 32.Qe3 Nf7 33.Bh5 Re6 34.Bxf7 Qxf7 35.Nf3 Ba7 36.Nxe5 Qf6
37.Qf4 Qxf4 38.Bxf4 Kg7 39.Ra3 Bb8 40.Re3 Ba7 41.Rf3 Bb6 42.Nd3 Ra7 43.Be5+ Kg8
44.Rf5 Rae7 45.f4 Be3 46.Ra2 Nb6 47.Kf3 Nc4 48.Ra8+ Re8 49.Rxe8+ Rxe8 50.Rf6 Bd2
51.Rxc6 Bxc3 52.Bxc3 Re3+ 53.Kg4 Rxd3 54.Be5 Re3 55.Bd4 Re4 56.Rc8+ Kf7 57.Bc5 d4
58.Kf5 Re3 59.Rc7+ Ke8 60.Bxd4 Rxg3 61.Rxh7 Rd3 62.Ke6 Kd8 63.Bc5 Nd2 64.Bd6 Kc8
65.h4 Re3+ 66.Be5 Nf3 67.Rh8+ Kb7 68.h5 Nxe5 69.fxe5 Re4 70.Kf5 Rxb4 71.e6 Rb1
72.e7  1-0

[Event "inAUTOmarket Open"]
[Site "Minsk BLR"]
[Date "2005.07.15"]
[Round "6"]
[White "Danielian,E"]
[Black "Kochetkov,Vit"]
[Result "1/2-1/2"]
[WhiteElo "2433"]
[BlackElo "2286"]

1.Nf3 d5 2.g3 c6 3.Bg2 Bf5 4.b3 h6 5.Bb2 e6 6.d3 Nf6 7.Nbd2 Be7 8.O-O O-O
9.Qe1 Bh7 10.e4 a5 11.a4 Na6 12.Qe2 Qb6 13.Ne5 Nc5 14.Kh1 Rad8 15.Qe3 Ncd7
16.Qxb6 Nxb6 17.Bc3 Ra8 18.f4 Nbd7 19.Nxd7 Nxd7 20.Rae1 Bf6 21.e5 Be7 22.g4 Bb4
23.Bxb4 axb4 24.Nf3 c5 25.Bh3 Ra5 26.f5 g5 27.d4 b6 28.Re3 Ra7 29.Rf2 Rc7
30.dxc5 bxc5 31.Bg2 Nb8 32.h4 gxh4 33.Nxh4 Nc6 34.g5 hxg5 35.Rg3 f6 36.fxe6 Nxe5
37.Bxd5 Kg7 38.Nf5+ Bxf5 39.Rxf5 Ng6 40.Rf1 Rd8 41.Be4 Rd4 42.Bxg6 Kxg6 43.Rgf3 Rh7+
44.Kg2 Rg4+ 45.Kf2 Re4 46.Re3 Rxe3 47.Kxe3 Re7 48.Kd3 Rxe6 49.Kc4 g4 50.a5 f5
51.Kxc5 g3 52.Rf3 f4 53.Rxf4 Re5+ 54.Kxb4 g2 55.Rg4+ Rg5 56.Rxg2 Rxg2 57.a6 Rxc2
58.Kb5 Kf5  1/2-1/2

[Event "27th Open"]
[Site "Oberwart AUT"]
[Date "2005.07.15"]
[Round "7"]
[White "Arwanitakis,M"]
[Black "Sachsenhofer,M"]
[Result "1/2-1/2"]
[WhiteElo "2276"]
[BlackElo "2104"]

1.g3 d5 2.Nf3 Nc6 3.Bg2 e5 4.d3 f5 5.O-O Nf6 6.c4 dxc4 7.Qa4 Bd7 8.Qxc4 Bd6
9.a3 Qe7 10.Nbd2 h6 11.e3 g5 12.b4 Nd8 13.Bb2 a5 14.d4 e4 15.Ne5 Be6 16.Qe2 Bxe5
17.dxe5 Nd5 18.b5 g4 19.Nc4 b6 20.h4 gxh3 21.Qh5+ Nf7 22.Bxh3 Qg5 23.Qxg5 Nxg5
24.Bg2 Ke7 25.Nd2 Rad8 26.Bd4 Rhg8 27.Kh2 Rg6 28.Rh1 Rdg8  1/2-1/2

[Event "ACT Open"]
[Site "Amsterdam NED"]
[Date "2005.07.16"]
[Round "1"]
[White "Vogel,Ja"]
[Black "Smeets,J"]
[Result "0-1"]
[WhiteElo "2291"]
[BlackElo "2537"]

1.Nf3 d5 2.g3 c6 3.Bg2 Nf6 4.b3 Bg4 5.Bb2 Nbd7 6.c4 e6 7.O-O Bd6 8.d4 Ne4
9.Ne5 Bf5 10.Nd2 Nxd2 11.Qxd2 Nxe5 12.dxe5 Be7 13.cxd5 exd5 14.e4 Bxe4 15.Bxe4 dxe4
16.Qf4 Qd3 17.e6 O-O 18.Rad1 Qf3 19.Rd7 Qxf4 20.gxf4 Rae8 21.f5 fxe6 22.fxe6 b6
23.Re1 Rf4 24.Be5 Rg4+ 25.Bg3 Bb4 26.Red1 Rxe6 27.Rxa7 h5 28.Kf1 e3 29.fxe3 Rxe3
30.Rd8+ Kh7 31.Raa8 Be7 32.Re8 h4 33.Bf2 Rf4 34.Ra4 Rf7 35.Ra7 Ref3 36.Rexe7 Rxf2+
37.Kg1 Rxe7 38.Kxf2 Rxa7  0-1

[Event "Politiken Cup"]
[Site "Copenhagen DEN"]
[Date "2005.07.17"]
[Round "3"]
[White "Andreasen,P"]
[Black "Erice Alonso,S"]
[Result "1-0"]
[WhiteElo "2306"]
[BlackElo "2092"]

1.Nf3 d5 2.g3 Nf6 3.Bg2 c6 4.O-O Bf5 5.b3 e6 6.Bb2 Nbd7 7.d3 h6 8.Nbd2 Bc5
9.c4 O-O 10.Ne5 Nxe5 11.Bxe5 Ng4 12.Bb2 Qb6 13.Qe1 Rfd8 14.h3 Nf6 15.Rb1 a5
16.Nf3 Bb4 17.Qc1 Be7 18.cxd5 cxd5 19.Bd4 Qa6 20.Qb2 b5 21.Rbc1 Rdc8 22.Rxc8+ Rxc8
23.Rc1 Ne8 24.Rxc8 Qxc8 25.Qc3 Qxc3 26.Bxc3 a4 27.Nd4 Bf6 28.Nxb5 Bxc3 29.Nxc3 axb3
30.axb3 d4 31.Nb1 e5 32.Nd2 Kf8 33.h4 Ke7 34.Nc4 f6 35.Kf1 Nc7 36.Ke1 Kd7
37.Bb7 Nb5 38.Ba6 Nc7 39.Bc8+ Kxc8 40.Nd6+ Kd7 41.Nxf5 Ne6 42.h5 Kc6 43.Kd2 Kd5
44.f3 Kc5 45.Kc2 Kb5 46.Kb2 Kb4 47.g4 Nf4 48.Nxg7 Nxe2 49.Nf5 Ng1 50.Nxh6 Nxf3
51.Nf5 Ne1 52.h6 Nxd3+ 53.Kc2 Nf4 54.h7 Ng6 55.Ne7 Nh8 56.Nd5+ Kc5 57.Nxf6 Ng6
58.g5 Kb4 59.Nd5+ Kc5 60.Ne7  1-0

[Event "Politiken Cup"]
[Site "Copenhagen DEN"]
[Date "2005.07.17"]
[Round "3"]
[White "Fant,G"]
[Black "Sigfusson,S"]
[Result "0-1"]
[WhiteElo "2007"]
[BlackElo "2344"]

1.Nf3 d5 2.g3 c5 3.Bg2 Nc6 4.O-O e5 5.c4 d4 6.d3 Nf6 7.Nbd2 Be7 8.a3 O-O
9.Ne1 Bg4 10.h3 Be6 11.Kh2 Qc7 12.Ndf3 h6 13.Ng1 Rad8 14.b3 Ne8 15.Bd2 a5
16.Rb1 f5 17.f4 Bd6 18.e3 dxe3 19.Bxe3 g5 20.Ne2 exf4 21.gxf4 Nf6 22.Kg1 Nh5
23.fxg5 f4 24.Bf2 hxg5 25.Nc3 Nf6 26.d4 Nxd4 27.Bxd4 cxd4 28.Nb5 Qc8 29.Nxd6 Rxd6
30.h4 Ng4 31.Be4 Ne3 32.Qh5 Bf5 33.Bxf5 Qxf5 34.Nf3 Rh6 35.Qxh6 Qg4+ 36.Kf2 Qg2+
37.Ke1 Qxf1+ 38.Kd2 Qf2+ 39.Kd3 Qc2+  0-1

[Event "ACT Open"]
[Site "Amsterdam NED"]
[Date "2005.07.21"]
[Round "6"]
[White "Hartoch,R"]
[Black "Jonkman,H"]
[Result "0-1"]
[WhiteElo "2272"]
[BlackElo "2454"]

1.Nf3 d5 2.g3 c6 3.Bg2 Bg4 4.O-O Nd7 5.d3 Ngf6 6.Qe1 e5 7.e4 dxe4 8.dxe4 a5
9.a4 Bc5 10.Nbd2 O-O 11.h3 Bh5 12.Nh4 Re8 13.Nb3 Bf8 14.Nf5 Qc7 15.f3 Bg6
16.Nh4 Nc5 17.Nxc5 Bxc5+ 18.Be3 Qb6 19.Bxc5 Qxc5+ 20.Qf2 Qb4 21.c3 Qe7 22.Rfd1 Nd7
23.Bf1 Nc5 24.Qc2 Red8 25.Rxd8+ Rxd8 26.Rd1 Kf8 27.Nxg6+ hxg6 28.Bc4 g5 29.b4 Rxd1+
30.Qxd1 Qd7 31.Qxd7 Nxd7 32.Kf2 Ke7 33.Ke3 b6 34.Bb3 Nf6 35.f4 gxf4+ 36.gxf4 Nd7
37.f5 g6 38.fxg6 fxg6 39.h4 Nf6 40.Bd1 Kf8 41.Kd3 Ne8 42.Ke3 Nd6 43.Be2 Kg7
44.Bd3 Kh6 45.Kf3 Kh5 46.Kg3 c5 47.bxc5 bxc5 48.Be2+ Kh6 49.Bd3 g5 50.Kg4 gxh4
51.Kxh4 Kg6 52.Kg4 Kf6 53.c4 Kg6 54.Kh4 Nc8 55.Bc2 Nb6 56.Bb3 Nd7 57.Bc2 Nf8
58.Kg4 Ne6 59.Bb3 Nf4 60.Bc2 Kf6 61.Kh4 Ng2+ 62.Kg3 Ne3 63.Bd3 Kg5 64.Kf3 Nd1
65.Bc2 Nb2 66.Bb3 Nd3 67.Kg3 Nc1 68.Bd1 Na2 69.Bb3 Nb4 70.Bd1 Nc6 71.Bb3 Ne7
72.Bc2 Nc8 73.Kf3 Kh4 74.Bb3 Nb6 75.Kf2 Kg4  0-1

[Event "WYg18"]
[Site "Belfort FRA"]
[Date "2005.07.24"]
[Round "6"]
[White "Stojanovic,An"]
[Black "Ross,L"]
[Result "1-0"]
[WhiteElo "2162"]
[BlackElo "2118"]

1.Nf3 d5 2.g3 c6 3.Bg2 Nf6 4.O-O Bg4 5.c4 e6 6.cxd5 exd5 7.d3 Be7 8.Qb3 Qc8
9.Re1 O-O 10.e4 dxe4 11.dxe4 a5 12.Nc3 Na6 13.Be3 Be6 14.Qc2 Bc5 15.Bxc5 Nxc5
16.Nd4 Bh3 17.e5 Bxg2 18.Kxg2 Nfd7 19.Nf5 Qc7 20.f4 b5 21.Rac1 Rfe8 22.Ne4 Nxe4
23.Qxe4 Ra6 24.Nd6 Re7 25.Nxb5 Qb6 26.Nd6 Qxb2+ 27.Rc2 Qb4 28.Rc4 Qa3 29.Re2 Nf6
30.Qf5 Ra8 31.Rxc6 Re6 32.Qc2 h5 33.Nb5 Qb4 34.Rxe6 fxe6 35.Qc6 Rb8 36.Qxe6+ Kh7
37.exf6 Qxb5 38.fxg7 Kxg7 39.Re5 Qb2+ 40.Kh3  1-0

[Event "WYb18"]
[Site "Belfort FRA"]
[Date "2005.07.24"]
[Round "6"]
[White "Bogosavljevic,B"]
[Black "Valeanu,E"]
[Result "1/2-1/2"]
[WhiteElo "2302"]
[BlackElo "2398"]

1.Nf3 d5 2.g3 c6 3.Bg2 Nf6 4.O-O Bg4 5.Ne5 Bf5 6.d4 Nbd7 7.c4 e6 8.Nc3 Nxe5
9.dxe5 Ng4 10.cxd5 exd5 11.Qd4 f6 12.Qf4 Be6 13.exf6 Qxf6 14.h3 Qxf4 15.Bxf4 Nf6
16.Rfd1 Be7 17.Rac1 Kf7 18.g4 Rhd8 19.Be3 Nd7 20.f4 Kg8 21.b3 h5 22.Bf3 hxg4
23.hxg4 g6 24.Bd4 Rf8 25.e3 Bf6 26.Kg2 Bxd4 27.Rxd4 Nf6 28.Kg3 Rae8 29.b4 Re7
30.a3 Rfe8 31.g5 Nd7 32.e4 dxe4 33.Nxe4 Rf8 34.Re1 Rb8 35.Bg4 Bxg4 36.Kxg4 Kg7
37.Red1 Nf8 38.Nf6 a5 39.Nd7 Ra8 40.Nxf8 Kxf8 41.Rd8+ Re8 42.Rxe8+ Rxe8 43.bxa5 Ra8
44.f5 Rxa5 45.fxg6 Rxa3 46.Rd7 b5 47.g7+ Kg8 48.Kh5 c5 49.Kh6 Ra8 50.g6 b4
51.Rc7 Rb8 52.Rxc5 b3 53.Rc1 b2 54.Rb1 Rb5 55.Rf1 Rb8 56.Rb1 Rb3 57.Kg5 Kxg7
58.Kf5 Rb4 59.Kg5 Rb5+ 60.Kf4 Kxg6 61.Ke3 Kf5 62.Kd3 Kf4 63.Kc2 Ke3  1/2-1/2

[Event "Open A"]
[Site "Pardubice CZE"]
[Date "2005.07.25"]
[Round "4"]
[White "Espig,L"]
[Black "Bataev,R"]
[Result "1-0"]
[WhiteElo "2444"]
[BlackElo "2318"]

1.Nf3 d5 2.g3 c5 3.c4 e6 4.cxd5 exd5 5.d4 Nc6 6.Bg2 Nf6 7.O-O Be7 8.Nc3 O-O
9.b3 Bg4 10.dxc5 Bxc5 11.Bb2 a6 12.Rc1 Ba7 13.h3 Bf5 14.Na4 Re8 15.e3 Rc8
16.Kh2 Qd6 17.Nh4 Bg6 18.Nxg6 hxg6 19.Bxf6 Qxf6 20.Qxd5 Rcd8 21.Qf3 Qxf3
22.Bxf3 Rd2 23.Bxc6 bxc6 24.Kg1 Rxa2 25.Rxc6 Bxe3 26.fxe3 Rxe3 27.Rf2 Ra1+
28.Kg2 Rxb3 29.Nc5 Rc3 30.Rxa6 Re1 31.Na4 Ra3 32.Ra8+ Kh7 33.Nb6 Rd3 34.Nc4 f6
35.h4 g5 36.hxg5 fxg5 37.Nd2 Ree3 38.Nf1 Re6 39.Ra5 Kh6 40.Nh2 Re4 41.Ra6+ Kh7
42.Nf3 Rd5 43.Rd6 Rf5 44.Nd2 Rxf2+ 45.Kxf2 Re5 46.Kf3 g6 47.Ne4 Kh6 48.Rd7 Rf5+
49.Kg2 g4 50.Nf2 Rg5 51.Rd4 Kh5 52.Ra4 Rf5 53.Nxg4  1-0

[Event "Open Dutch Championship"]
[Site "Dieren NED"]
[Date "2005.07.26"]
[Round "1"]
[White "De Jong,M"]
[Black "Friesen,B"]
[Result "1-0"]
[WhiteElo "2299"]
[BlackElo "2139"]

1.Nf3 d5 2.g3 Nf6 3.Bg2 c5 4.O-O Nc6 5.d4 e6 6.c4 Be7 7.cxd5 exd5 8.dxc5 Bxc5
9.Nbd2 O-O 10.Nb3 Bb6 11.Nbd4 Re8 12.e3 Bg4 13.Nxc6 bxc6 14.h3 Bh5 15.b3 Ne4
16.Bb2 Nxf2 17.Rxf2 Bxe3 18.Bd4 Bxf2+ 19.Bxf2 Qd7 20.Rc1 Rac8 21.Bd4 Qc7
22.g4 Bg6 23.Qd2 h6 24.Qf2 Qf4 25.Nd2 Qxf2+ 26.Kxf2 Bd3 27.Bf3 a6 28.Rc3 Bg6
29.b4 f5 30.Ra3 fxg4 31.hxg4 Ra8 32.Rc3 Rac8 33.Nb3 Be4 34.Be2 Bb1 35.Nd2 Bxa2
36.Rc2 Rf8+ 37.Kg3 Bc4 38.Nxc4 dxc4 39.Bxc4+ Kh7 40.Bxa6 Rcd8 41.Bb6 Ra8
42.Bd3+ Kg8 43.Rc3 Rf6 44.Be4 Re6 45.Bf3 Rb8 46.Ba5 Rc8 47.Bd5  1-0

[Event "Open A"]
[Site "Pardubice CZE"]
[Date "2005.07.26"]
[Round "5"]
[White "Stehno,P"]
[Black "Geller,J"]
[Result "0-1"]
[WhiteElo "2373"]
[BlackElo "2469"]

1.g3 d5 2.Nf3 Nf6 3.Bg2 Bf5 4.O-O e6 5.d3 Be7 6.Nfd2 e5 7.c4 c6 8.a3 Qd7
9.b4 Bh3 10.Bb2 d4 11.Nf3 Bxg2 12.Kxg2 Qe6 13.Re1 Nbd7 14.h3 h5 15.e3 h4
16.g4 Nxg4 17.Nxd4 exd4 18.Qxg4 Qxg4+ 19.hxg4 h3+ 20.Kh1 Ne5 21.Bxd4 Nf3
22.Re2 Rh4 23.Nd2 Nxd2 24.Rxd2 Rxg4 25.Rg1 Rxg1+ 26.Kxg1 g5 27.Kh2 g4 28.Be5 a5
29.Kg3 f6 30.Bf4 axb4 31.axb4 f5 32.e4 Ra1 33.exf5 Rg1+ 34.Kh2 Rg2+ 35.Kh1 Bh4
36.Be3 Kf7 37.d4 Kf6 38.d5 cxd5 39.cxd5 g3 40.d6 gxf2 41.Rd1 Kxf5 42.d7 Ke4
43.Bb6 Kf3 44.Rd3+ Ke2 45.Bxf2 Kxf2 46.d8=Q Bxd8 47.Rxd8 Rg4 48.b5 Rg5 49.Rd2+ Ke3
50.Rb2 Kd4 51.Rb1 b6 52.Kh2 Rh5 53.Rc1 Rxb5 54.Kxh3 Rb2 55.Kg3 b5 56.Kf3 b4
57.Rd1+ Kc3 58.Ke3 Rh2 59.Rc1+ Kb2 60.Rc8 b3 61.Kd3 Kb1 62.Rg8 b2 63.Kc3 Rh3+
64.Kb4 Rh7 65.Kb3 Rb7+ 66.Kc3 Ra7  0-1

[Event "WYb16"]
[Site "Belfort FRA"]
[Date "2005.07.27"]
[Round "9"]
[White "Brener,I"]
[Black "Diamant,A"]
[Result "1-0"]
[WhiteElo "2316"]
[BlackElo "2226"]

1.Nf3 d5 2.g3 Nf6 3.Bg2 e6 4.O-O Be7 5.d4 O-O 6.c4 c6 7.b3 Nbd7 8.Bb2 b6
9.Nbd2 Bb7 10.Re1 Rc8 11.Ne5 Qc7 12.Rc1 Bd6 13.Nxd7 Qxd7 14.e4 dxe4 15.Nxe4 Be7
16.Qc2 Nxe4 17.Bxe4 h6 18.Rcd1 Rfd8 19.Qe2 Bb4 20.Rf1 Qe7 21.Bb1 Bd6 22.Qc2 f5
23.Rfe1 Re8 24.Re2 Qf7 25.c5 Be7 26.Qc4 Bf6 27.b4 Rcd8 28.Rde1 Bc8 29.Bxf5 b5
30.Qb3 Bxd4 31.Be4 Qc7 32.Bb1 Qf7 33.Qc2 e5 34.Bxd4 Rxd4 35.Qh7+  1-0

[Event "MTO Open"]
[Site "Biel SUI"]
[Date "2005.07.27"]
[Round "9"]
[White "Pavlovic,Mi"]
[Black "Kritz,L"]
[Result "1/2-1/2"]
[WhiteElo "2471"]
[BlackElo "2544"]

1.Nf3 d5 2.g3 c6 3.Bg2 g6 4.c4 Bg7 5.Qa4 d4 6.O-O e5 7.d3 Ne7 8.Nbd2 O-O
9.b4 Nd7 10.Rb1 b6 11.Qc2 Qc7 12.Ne4 Nf6 13.Nxf6+ Bxf6 14.Nd2 Rb8 15.c5 b5
16.a4 Nd5 17.Ne4 Be7 18.Bh6 Re8 19.Rfc1 Be6 20.Bd2 Rec8 21.h4 f5 22.Nd6 Bxd6
23.cxd6 Qxd6 24.Qc5 Qxc5 25.Rxc5 bxa4 26.Ra1 Nc3 27.Bxc3 dxc3 28.Rxa4 Bb3
29.Ra3 Rxb4 30.Rxc3 Bd1 31.Rxa7 Bxe2 32.Re7 Rd4 33.Ra3 Rxd3 34.Raa7 Rd1+
35.Kh2 Bc4 36.Bxc6 Rd6 37.Bb7 Rb8 38.Bg2 h5 39.Rxe5 Rd2 40.Rc5 Bb3 41.Rc6 Bf7
42.Rcc7 Rxf2  1/2-1/2

[Event "Open A"]
[Site "Pardubice CZE"]
[Date "2005.07.28"]
[Round "7"]
[White "Stehno,P"]
[Black "Meduna,E"]
[Result "0-1"]
[WhiteElo "2373"]
[BlackElo "2453"]

1.g3 d5 2.Nf3 c5 3.Bg2 Nc6 4.O-O e5 5.d3 Nf6 6.Nbd2 g6 7.e4 Bg7 8.a3 O-O
9.b4 Qe7 10.Bb2 dxe4 11.dxe4 Rd8 12.b5 Nd4 13.Nxd4 cxd4 14.c3 Bg4 15.Bf3 Nxe4
16.cxd4 Nxd2  0-1

[Event "Open"]
[Site "Saint Affrique FRA"]
[Date "2005.07.28"]
[Round "7"]
[White "Velikov,P"]
[Black "Flouzat,JM"]
[Result "1-0"]
[WhiteElo "2422"]
[BlackElo "2174"]

1.Nf3 d5 2.g3 Nf6 3.Bg2 c6 4.O-O Bf5 5.c4 e6 6.cxd5 exd5 7.d3 Be7 8.Nc3 O-O
9.Nd4 Bc8 10.e4 c5 11.Nde2 d4 12.Nb1 Nc6 13.h3 Ne8 14.Nd2 Kh8 15.Nf4 Nc7
16.a4 Ne5 17.Nf3 Nxf3+ 18.Qxf3 b6 19.Re1 Bb7 20.Qd1 a6 21.Qb3 b5 22.Bd2 b4
23.Rac1 a5 24.h4 Bc6 25.e5 Bd7 26.Qd1 Ra6 27.Nh3 f6 28.exf6 Raxf6 29.Bg5 Re6
30.Rxc5 Bxa4 31.Qc1 Rxe1+ 32.Qxe1 Re8 33.Qa1 Ne6 34.Rd5 Bd7 35.Rxa5 Nxg5
36.Nxg5 Bxg5 37.hxg5 Qe7 38.Be4  1-0

[Event "Open A"]
[Site "Pardubice CZE"]
[Date "2005.07.29"]
[Round "8"]
[White "Schebler,G"]
[Black "Doric,D"]
[Result "1/2-1/2"]
[WhiteElo "2482"]
[BlackElo "2382"]

1.Nf3 d5 2.g3 c6 3.Bg2 Bg4 4.c4 e6 5.cxd5 Bxf3 6.Bxf3 cxd5 7.O-O Nf6 8.d3 Nc6
9.Nc3 Be7 10.Bd2 O-O 11.Rb1 Qd7 12.a3 Rfc8 13.Bg2 Nd4 14.Re1 Nb5 15.a4 Nd4
16.b4 h6 17.e3 Nc6 18.Ne2 Nd8 19.Qb3 Rc7 20.Bc3 b5 21.a5 Rac8 22.Rbc1 Nc6
23.h3 Ne8 24.Qb2 Bf6 25.Bxf6 Nxf6 26.Rc5 a6 27.Rec1 Qd6 28.d4 Nd7 29.R5c3 Ne7
30.Nf4 Rxc3 31.Rxc3 Rxc3 32.Qxc3 Qc6 33.Qb2 Nf5 34.Nd3 Nd6 35.Nc5 Nc4 36.Qe2 Nxc5
37.dxc5 Qc7 38.f4 f5 39.Qd3 Qe7 40.Qd4 Qf6 41.Kf2 Kf7 42.Bf1 Kf8 43.Bd3 Kf7
44.Ke2 h5 45.Kf2 Qxd4 46.exd4 g6 47.Be4  1/2-1/2

[Event "Open A"]
[Site "Pardubice CZE"]
[Date "2005.07.29"]
[Round "8"]
[White "Hausrath,D"]
[Black "Sandipan,C"]
[Result "1/2-1/2"]
[WhiteElo "2463"]
[BlackElo "2560"]

1.Nf3 d5 2.g3 g6 3.Bg2 Bg7 4.d4 Nf6 5.O-O O-O 6.Nbd2 c6 7.c4 Ne4 8.b3 Nc3
9.Qe1 c5 10.e3 cxd4 11.exd4 dxc4 12.bxc4 e5 13.Nxe5 f6 14.Ndf3 fxe5 15.Qxc3 exd4
16.Qb3 Nc6 17.c5+ Kh8 18.Bf4 Na5 19.Qb4 Nc6 20.Qb3 Na5 21.Qb4 Nc6  1/2-1/2